000 00298nam a22001337a 4500
008 181017b xxu||||| |||| 00| 0 eng d
020 _a9780130608079
041 _aeng
080 _a334.7
100 _a55
101 _aMEN
245 _aBsic Financial Management
_cMartin.P
942 _2udc
_cBK
999 _c49974
_d49974